[Event "3rd Asia-ch"]
[Site "Kolkata IND"]
[Date "2001.08.12"]
[Round "4"]
[White "Al-Rakib, Abdullah"]
[Black "Liang Chong"]
[Result "1-0"]
[WhiteElo "2393"]
[BlackElo "2556"]
[EventDate "2001.08.09"]
[PlyCount "71"]

1.d4 Nf6 2.c4 e6 3.Bg5 Bb4+ 4.Nd2 h6 5.Bh4 c5 6.dxc5 Nc6 7.Nf3 Bxc5 8.e3 
O-O 9.Be2 Be7 10.O-O a6 11.Qc2 d6 12.Rfd1 Qc7 13.Rac1 Rd8 14.h3 Bd7 15.Bg3
Qb6 16.a3 Rac8 17.b4 a5 18.c5 dxc5 19.Nc4 Qa7 20.b5 Nb8 21.b6 Qa8 22.Bc7 
Re8 23.Nfe5 Bc6 24.Nxc6 Nxc6 25.Bf3 Nb8 26.Qc3 Na6 27.Be5 Rcd8 28.Nxa5 Nd5
29.Qb2 f6 30.Bg3 Nb8 31.Nc4 f5 32.Be5 Bf8 33.Bc7 Nc6 34.Bxd8 Rxd8 35.Ne5 
Na5 36.Ng6 1-0

[Event "3rd Asia-ch"]
[Site "Kolkata IND"]
[Date "2001.08.12"]
[Round "4"]
[White "Antonio, Rogelio jr"]
[Black "Nadera, Barlo"]
[Result "1-0"]
[WhiteElo "2535"]
[BlackElo "2421"]
[EventDate "2001.08.09"]
[PlyCount "117"]

1.e4 e6 2.d4 d5 3.Nc3 Bb4 4.e5 c5 5.a3 Bxc3+ 6.bxc3 Qa5 7.Bd2 Qa4 8.Nf3 
Ne7 9.h4 h6 10.h5 Nbc6 11.Bd3 c4 12.Be2 Bd7 13.Nh4 O-O-O 14.Qc1 Kb8 15.g4 
Rdf8 16.f4 f6 17.Qb2 Ka8 18.Be3 Be8 19.Kd2 Nc8 20.Rab1 Nb6 21.exf6 Rxf6 
22.Nf3 Rf7 23.Ne5 Rc7 24.Rhg1 Qa5 25.Nxc6 Bxc6 26.Qb4 Qa6 27.g5 Nc8 28.
gxh6 gxh6 29.f5 exf5 30.Rg6 Rch7 31.Qc5 Re8 32.Bf4 Rhe7 33.Bf3 Nb6 34.Rxh6
Na4 35.Qb4 b5 36.Qd6 Kb7 37.Be5 Rxe5 38.dxe5 Qb6 39.Qxc6+ Qxc6 40.Rxc6 
Kxc6 41.h6 Rh8 42.Rh1 Rh7 43.Bh5 f4 44.Bg6 Rh8 45.h7 Nc5 46.Ke2 Nd7 47.Rh5
Nf8 48.Bf5 a5 49.Kf3 d4 50.Kxf4 Kd5 51.cxd4 Kxd4 52.e6 Nxe6+ 53.Bxe6 Kc3 
54.Bg8 b4 55.axb4 axb4 56.Rc5 Kxc2 57.Rxc4+ Kb3 58.Rc8+ Kb2 59.Ke4 1-0

[Event "3rd Asia-ch"]
[Site "Kolkata IND"]
[Date "2001.08.12"]
[Round "4"]
[White "Barsov, Alexei"]
[Black "Thipsay, Praveen Mahadeo"]
[Result "1/2-1/2"]
[WhiteElo "2495"]
[BlackElo "2453"]
[EventDate "2001.08.09"]
[PlyCount "29"]

1.d4 Nf6 2.c4 g6 3.Nc3 Bg7 4.e4 d6 5.Nf3 O-O 6.h3 e5 7.d5 a5 8.Bg5 Na6 9.
g4 Nc5 10.Nd2 c6 11.Be2 h6 12.Be3 Bd7 13.Kf1 a4 14.b4 axb3 15.axb3 1/2-1/2

[Event "3rd Asia-ch"]
[Site "Kolkata IND"]
[Date "2001.08.12"]
[Round "4"]
[White "Barua, Dibyendu"]
[Black "Vladimirov, Evgeny"]
[Result "1/2-1/2"]
[WhiteElo "2499"]
[BlackElo "2612"]
[EventDate "2001.08.09"]
[PlyCount "77"]

1.e4 c5 2.Nf3 Nc6 3.d4 cxd4 4.Nxd4 Nf6 5.Nc3 e5 6.Ndb5 d6 7.Bg5 a6 8.Na3 
b5 9.Bxf6 gxf6 10.Nd5 f5 11.exf5 Bxf5 12.c3 Bg7 13.Nc2 O-O 14.Nce3 Be6 15.
g3 f5 16.Bg2 Rc8 17.O-O Kh8 18.Qh5 Bf7 19.Qe2 f4 20.Nc2 Ne7 21.Ncb4 Nxd5 
22.Bxd5 Qb6 23.Be4 a5 24.Nd5 Qc5 25.Rad1 b4 26.Qg4 Qc4 27.f3 Bxd5 28.Rxd5 
Rf6 29.Rxa5 bxc3 30.bxc3 Rg8 31.Bd5 Qxc3 32.Bxg8 Qxa5 33.Bb3 fxg3 34.hxg3 
Qd2 35.Rf2 Qc1+ 36.Kg2 Rh6 37.Rf1 Qd2+ 38.Rf2 Qc1 39.Rf1 1/2-1/2

[Event "3rd Asia-ch"]
[Site "Kolkata IND"]
[Date "2001.08.12"]
[Round "4"]
[White "Dableo, Ronald"]
[Black "Ghorbani, Mohsen"]
[Result "0-1"]
[WhiteElo "2310"]
[BlackElo "2334"]
[EventDate "2001.08.09"]
[PlyCount "120"]

1.c4 e6 2.g3 d5 3.Bg2 Nf6 4.b3 Nbd7 5.Bb2 Be7 6.Nf3 O-O 7.O-O b6 8.d3 Bb7 
9.Nc3 c5 10.e3 Qc7 11.Qc2 Bc6 12.e4 dxe4 13.dxe4 a6 14.Rfe1 Rfe8 15.Rad1 
Rad8 16.Nd5 exd5 17.exd5 Bxd5 18.cxd5 Bd6 19.Nh4 g6 20.Qc1 Be5 21.Rxe5 
Nxe5 22.Nf5 Qd7 23.Bh3 Nf3+ 24.Kg2 Ne1+ 25.Kh1 Qb7 26.Nh6+ Kf8 27.Rxe1 
Qxd5+ 28.Kg1 Rxe1+ 29.Qxe1 Qd1 30.Qxd1 Rxd1+ 31.Bf1 Ne4 32.Ng4 Rd2 33.Bc1 
Rxa2 34.Be3 Ke7 35.Ne5 f6 36.f3 fxe5 37.fxe4 Kd6 38.Bc4 b5 39.Bd5 a5 40.
Bh6 Ke7 41.Bg7 a4 42.bxa4 Rxa4 43.Bxe5 c4 44.Kf1 Ra2 45.h4 Rc2 46.Ke1 b4 
47.Kd1 b3 48.g4 Rg2 49.Bxc4 Rxg4 50.Bd5 Rxh4 51.Bb2 Kd6 52.Ba3+ Ke5 53.
Bb2+ Kd6 54.Ba3+ Kd7 55.Kc1 Rh3 56.e5 Re3 57.Bb2 h5 58.Kd2 Rh3 59.Ba3 Rh2+
60.Kd3 b2 0-1

[Event "3rd Asia-ch"]
[Site "Kolkata IND"]
[Date "2001.08.12"]
[Round "4"]
[White "Djao Thien Hai"]
[Black "Garma, Chito"]
[Result "0-1"]
[WhiteElo "2572"]
[BlackElo "2409"]
[EventDate "2001.08.09"]
[PlyCount "64"]

1.d4 f5 2.Nc3 Nf6 3.Bg5 c6 4.Qd2 Na6 5.f3 d5 6.e4 fxe4 7.fxe4 dxe4 8.Bxa6 
bxa6 9.Nge2 g6 10.O-O Bg7 11.Rad1 O-O 12.h3 Be6 13.Ng3 Qb8 14.Ngxe4 Qxb2 
15.Nc5 Bc4 16.Rfe1 Rf7 17.Rb1 Qa3 18.Rb7 Nd5 19.Nxd5 Bxd5 20.c3 e5 21.Rxf7
Bxf7 22.Bh6 Bxh6 23.Qxh6 Qxc3 24.Re4 exd4 25.Nd7 d3 26.Rh4 Qg7 27.Qg5 d2 
28.Qxd2 Bd5 29.Nc5 Qa1+ 30.Kh2 Qe5+ 31.Qf4 Qxf4+ 32.Rxf4 Rf8 0-1

[Event "3rd Asia-ch"]
[Site "Kolkata IND"]
[Date "2001.08.12"]
[Round "4"]
[White "Egin, Vladimir"]
[Black "Kazhgaleev, Murtas"]
[Result "1-0"]
[WhiteElo "2451"]
[BlackElo "2585"]
[EventDate "2001.08.09"]
[PlyCount "45"]

1.e4 d5 2.exd5 Qxd5 3.Nc3 Qa5 4.d4 Nf6 5.Nf3 c6 6.Bc4 Bf5 7.Bd2 e6 8.Nd5 
Qd8 9.Nxf6+ Qxf6 10.Qe2 Bd6 11.O-O-O b5 12.Bd3 Nd7 13.Ng5 Bxd3 14.Qxd3 Qg6
15.Qf3 Rg8 16.h4 h5 17.Ne4 Bb8 18.Bb4 Nf6 19.Rhe1 Nxe4 20.Rxe4 Qf6 21.Qh3 
Kd7 22.Qc3 Qg6 23.f3 1-0

[Event "3rd Asia-ch"]
[Site "Kolkata IND"]
[Date "2001.08.12"]
[Round "4"]
[White "Ganguly, Surya Shekhar"]
[Black "Moradiabadi, Elshan"]
[Result "1-0"]
[WhiteElo "2464"]
[BlackElo "2404"]
[EventDate "2001.08.09"]
[PlyCount "51"]

1.e4 c5 2.Nf3 e6 3.d4 cxd4 4.Nxd4 a6 5.Bd3 Nf6 6.O-O d6 7.f4 Nc6 8.Be3 Qc7
9.Qf3 Be7 10.Nc3 Bd7 11.Kh1 Rc8 12.Rae1 b5 13.a4 Nxd4 14.Bxd4 b4 15.Nd1 e5
16.Bf2 O-O 17.Ne3 a5 18.b3 exf4 19.Qxf4 Be6 20.Nd5 Bxd5 21.exd5 Rce8 22.
Bd4 Qc8 23.Rxe7 Rxe7 24.Bxf6 gxf6 25.Qh6 f5 26.Qg5+ 1-0

[Event "3rd Asia-ch"]
[Site "Kolkata IND"]
[Date "2001.08.12"]
[Round "4"]
[White "Hossain, Enamul"]
[Black "Kostenko, Petr"]
[Result "1-0"]
[WhiteElo "2353"]
[BlackElo "2494"]
[EventDate "2001.08.09"]
[PlyCount "99"]

1.e4 c5 2.Nf3 e6 3.d3 Nc6 4.g3 g6 5.Bg5 Qb6 6.Qc1 Bg7 7.c3 d6 8.Bg2 Nge7 
9.O-O O-O 10.Na3 Qd8 11.Nc2 e5 12.b4 Be6 13.Qd2 cxb4 14.cxb4 f6 15.Be3 d5 
16.b5 Na5 17.Bc5 dxe4 18.dxe4 Qxd2 19.Nxd2 Rfc8 20.Bxe7 Rxc2 21.Bb4 b6 22.
Nb3 Nxb3 23.axb3 Bd7 24.Rfc1 Rxc1+ 25.Rxc1 Bxb5 26.Bh3 Re8 27.Rc7 a5 28.
Be7 Be2 29.Be6+ Kh8 30.Kg2 b5 31.Bd5 Bd1 32.Ra7 a4 33.bxa4 Bxa4 34.Rb7 Bc2
35.h4 f5 36.f3 fxe4 37.fxe4 Bd3 38.g4 Bc4 39.g5 Bxd5 40.exd5 Kg8 41.Kf3 
e4+ 42.Ke3 Bf8 43.Bxf8 Kxf8 44.Rxh7 b4 45.Rh8+ Kf7 46.Rxe8 Kxe8 47.Kxe4 
Ke7 48.Kd4 Kd6 49.h5 b3 50.Kc3 1-0

[Event "3rd Asia-ch"]
[Site "Kolkata IND"]
[Date "2001.08.12"]
[Round "4"]
[White "Isaev, Jamshed"]
[Black "Utut Adianto"]
[Result "0-1"]
[WhiteElo "2454"]
[BlackElo "2598"]
[EventDate "2001.08.09"]
[PlyCount "68"]

1.e4 g6 2.d4 Bg7 3.Nc3 c5 4.Nf3 cxd4 5.Nxd4 Nc6 6.Be3 Nf6 7.Bc4 O-O 8.f3 
Qb6 9.Bb3 Nxe4 10.Nd5 Qa5+ 11.c3 Bxd4 12.Bxd4 Nc5 13.Bc4 Ne6 14.b4 Qd8 15.
Be3 Ng7 16.Bg5 h6 17.Bxh6 e6 18.Bxg7 Kxg7 19.Ne3 d5 20.Bb3 Qb6 21.Qd2 Rh8 
22.h4 a5 23.bxa5 Rxa5 24.Rd1 Ne7 25.Ng4 Rh5 26.Qf4 e5 27.Qd2 Be6 28.Nf2 
Nf5 29.g4 Nxh4 30.Qe2 Ng2+ 31.Kd2 Rxa2+ 32.Bc2 Ne3 33.Rc1 Rxh1 34.Nxh1 d4 
0-1

[Event "3rd Asia-ch"]
[Site "Kolkata IND"]
[Date "2001.08.12"]
[Round "4"]
[White "Konguvel, Ponnuswamy"]
[Black "Roghani, Arash"]
[Result "1/2-1/2"]
[WhiteElo "2371"]
[BlackElo "2294"]
[EventDate "2001.08.09"]
[PlyCount "142"]

1.e4 e6 2.d4 d5 3.Nc3 Nf6 4.e5 Nfd7 5.Nce2 c5 6.c3 Nc6 7.f4 Be7 8.Nf3 Qb6 
9.a3 cxd4 10.cxd4 Na5 11.b4 Nc4 12.Nc3 a5 13.b5 Qc7 14.Qc2 Ndb6 15.Bd3 Bd7
16.O-O Rc8 17.a4 Nxe5 18.Nxe5 Qxc3 19.Qxc3 Rxc3 20.Bd2 Bb4 21.Bxc3 Bxc3 
22.Ra2 Bxd4+ 23.Kh1 f6 24.Nf3 Bc5 25.Nd2 Ke7 26.Nb3 Bb4 27.Rc1 Kd6 28.Nd4 
g6 29.Be2 Rc8 30.Rxc8 Bxc8 31.Bd1 e5 32.fxe5+ fxe5 33.Nf3 h6 34.Rf2 Bc5 
35.Rf1 g5 36.Nd2 Ke7 37.h4 g4 38.h5 Bb4 39.Nb3 Nxa4 40.Nxa5 Nc3 41.Nb3 
Nxd1 42.Rxd1 Be6 43.Kh2 b6 44.Kg3 d4 45.Nd2 Bf5 46.Nc4 Bc5 47.Ra1 Be6 48.
Nd2 Bd5 49.Kxg4 Ke6 50.Re1 Bb4 51.Rd1 Bxg2 52.Nc4 Bc5 53.Re1 e4 54.Kf4 e3 
55.Nb2 Bd6+ 56.Kg4 Kd5 57.Nd1 Bb4 58.Nxe3+ dxe3 59.Rxe3 Bf1 60.Re8 Kc5 61.
Re5+ Kd6 62.Rf5 Be2+ 63.Kf4 Bd2+ 64.Ke4 Bc1 65.Rf6+ Kc5 66.Rc6+ Kxb5 67.
Rxc1 Bxh5 68.Rh1 Bg6+ 69.Ke5 h5 70.Kf6 Be8 71.Re1 Bc6 1/2-1/2

[Event "3rd Asia-ch"]
[Site "Kolkata IND"]
[Date "2001.08.12"]
[Round "4"]
[White "Kotsur, Pavel"]
[Black "Dzhumaev, Marat"]
[Result "0-1"]
[WhiteElo "2600"]
[BlackElo "2497"]
[EventDate "2001.08.09"]
[PlyCount "72"]

1.e4 g6 2.d4 Bg7 3.c4 c5 4.Nf3 d6 5.Nc3 cxd4 6.Nxd4 Nf6 7.Be2 Nc6 8.Nc2 
O-O 9.O-O Bd7 10.Bd2 Qb6 11.Kh1 Rfc8 12.b3 Qd8 13.Rc1 a6 14.f3 Ne8 15.a4 
e6 16.Re1 Na7 17.Ne3 Rab8 18.Nf1 b5 19.Be3 Rb7 20.axb5 axb5 21.Qd2 bxc4 
22.Bxc4 Nb5 23.Nxb5 Bxb5 24.Bd4 Bxc4 25.bxc4 Bxd4 26.Qxd4 Qb6 27.Qd3 Qb3 
28.Rc3 Qa4 29.Ne3 Rb2 30.e5 dxe5 31.Ra3 Qb4 32.Rd1 Nf6 33.Qc3 Qxc3 34.Rxc3
Rc5 35.Kg1 g5 36.Nc2 Nd5 0-1

[Event "3rd Asia-ch"]
[Site "Kolkata IND"]
[Date "2001.08.12"]
[Round "4"]
[White "Liu, Dede"]
[Black "Sadvakasov, Darmen"]
[Result "0-1"]
[WhiteElo "2402"]
[BlackElo "2568"]
[EventDate "2001.08.09"]
[PlyCount "114"]

1.e4 c5 2.Nf3 e6 3.d4 cxd4 4.Nxd4 a6 5.Nc3 b5 6.Bd3 Qb6 7.Nb3 Qc7 8.O-O 
Nf6 9.f4 b4 10.Nb1 Bb7 11.Qe2 Be7 12.N1d2 d6 13.Nf3 Nbd7 14.Kh1 O-O 15.Bd2
a5 16.Rae1 g6 17.Ng5 e5 18.Qf3 h6 19.Nh3 a4 20.Nc1 d5 21.Nf2 Nc5 22.fxe5 
dxe4 23.Qh3 Qxe5 24.Bxb4 Qxb2 25.Bxc5 Bxc5 26.Nxe4 Nxe4 27.Bxe4 Bxe4 28.
Rxe4 Qxc2 29.Re2 Qc4 30.Qxh6 Rae8 31.Qd2 Rxe2 32.Qxe2 Qxe2 33.Nxe2 Re8 34.
Nc3 a3 35.g3 Re3 36.Rc1 Bd4 37.Nb5 Bb2 38.Rc7 Re1+ 39.Kg2 Re2+ 40.Kh3 f5 
41.Ra7 g5 42.Nxa3 Bc1 43.g4 Re3+ 44.Kg2 Bxa3 45.gxf5 Be7 46.a4 Kf7 47.Ra5 
Re4 48.h3 Kf6 49.Kg1 Bd6 50.Ra6 Rd4 51.a5 Kxf5 52.Rc6 Be5 53.a6 Ra4 54.Kg2
Ra2+ 55.Kf1 Ra3 56.Rh6 Bf6 57.Rh7 Rxa6 0-1

[Event "3rd Asia-ch"]
[Site "Kolkata IND"]
[Date "2001.08.12"]
[Round "4"]
[White "Lodhi, Mahmood"]
[Black "Peires, T. D. R."]
[Result "1-0"]
[WhiteElo "2410"]
[BlackElo "2151"]
[EventDate "2001.08.09"]
[PlyCount "49"]

1.d4 Nf6 2.c4 g6 3.Nc3 Bg7 4.e4 d6 5.f3 Nc6 6.Be3 e5 7.d5 Ne7 8.c5 dxc5 9.
Bxc5 O-O 10.Bd3 Ne8 11.Nge2 Nd6 12.Qd2 b6 13.Be3 Re8 14.O-O f5 15.Nb5 f4 
16.Bf2 c5 17.dxc6 Be6 18.c7 Qd7 19.Qb4 Nec8 20.Rac1 Bf8 21.Rfd1 Nxb5 22.
Qxb5 Bd6 23.Qxd7 Bxd7 24.Ba6 Re6 25.Bb7 1-0

[Event "3rd Asia-ch"]
[Site "Kolkata IND"]
[Date "2001.08.12"]
[Round "4"]
[White "Mahjoob, Morteza"]
[Black "Wu Wenjin"]
[Result "1/2-1/2"]
[WhiteElo "2335"]
[BlackElo "2560"]
[EventDate "2001.08.09"]
[PlyCount "83"]

1.e4 c5 2.Nf3 Nc6 3.d4 cxd4 4.Nxd4 Qb6 5.Nb3 e6 6.Bd3 Nf6 7.Nc3 a6 8.O-O 
Be7 9.Kh1 Qc7 10.f4 d6 11.Bd2 O-O 12.Qe2 b6 13.Rae1 Nd7 14.Rf3 g6 15.f5 
Nde5 16.Rh3 Bf6 17.Bh6 Re8 18.fxe6 fxe6 19.Rf1 Bb7 20.Nd2 b5 21.a3 Bh8 22.
Nf3 Nxf3 23.Rhxf3 Ne5 24.Rf4 Bg7 25.Bxg7 Qxg7 26.a4 b4 27.Na2 a5 28.Bb5 
Rf8 29.c3 Rxf4 30.Rxf4 bxc3 31.Nxc3 Qc7 32.Qe3 Kg7 33.Rf1 h5 34.h3 Kh7 35.
Rf4 Qc5 36.Qxc5 dxc5 37.Rf6 Bc8 38.Rf8 Kg7 39.Rd8 Bb7 40.Rd6 Bc8 41.Nd1 
Kf6 42.Ne3 1/2-1/2

[Event "3rd Asia-ch"]
[Site "Kolkata IND"]
[Date "2001.08.12"]
[Round "4"]
[White "Mallahi, Amir"]
[Black "Ravi, Lanka"]
[Result "0-1"]
[WhiteElo "2416"]
[BlackElo "2389"]
[EventDate "2001.08.09"]
[PlyCount "100"]

1.e4 e6 2.d4 d5 3.Nc3 Bb4 4.Bd3 dxe4 5.Bxe4 Nf6 6.Bd3 c5 7.dxc5 Nbd7 8.Bd2
Nxc5 9.Bb5+ Bd7 10.Qe2 O-O 11.Nf3 Qc7 12.O-O Rfc8 13.Ne5 Bxc3 14.Bxc3 Bxb5
15.Qxb5 a6 16.Qb4 Nd5 17.Qd4 Nxc3 18.Qxc3 Na4 19.Qxc7 Rxc7 20.b3 Nc3 21.
Rfe1 Rd8 22.Nf3 Rd6 23.Re3 f6 24.Kf1 Kf7 25.Rd3 Rxd3 26.cxd3 Nd5 27.Ne1 e5
28.Ke2 Ke6 29.Kd2 Nf4 30.Rc1 Rxc1 31.Kxc1 Ne2+ 32.Kd2 Nd4 33.Nc2 Nxc2 34.
Kxc2 Kd5 35.Kc3 a5 36.a3 Kc5 37.Kc2 Kd4 38.Kd2 b5 39.Kc2 b4 40.axb4 axb4 
41.Kd2 f5 42.Kc2 g6 43.Kd2 g5 44.h3 h5 45.g3 h4 46.gxh4 gxh4 47.Kc2 e4 48.
dxe4 Kxe4 49.Kd2 Kf3 50.Ke1 Kg2 0-1

[Event "3rd Asia-ch"]
[Site "Kolkata IND"]
[Date "2001.08.12"]
[Round "4"]
[White "Mishra, Neeraj Kumar"]
[Black "Nazarov, Anvar"]
[Result "1/2-1/2"]
[WhiteElo "2293"]
[BlackElo "2410"]
[EventDate "2001.08.09"]
[PlyCount "97"]

1.Nf3 Nf6 2.c4 e6 3.g3 d5 4.Bg2 Be7 5.O-O O-O 6.d4 Nc6 7.b3 dxc4 8.bxc4 
Na5 9.Qc2 c5 10.Rd1 cxd4 11.Nxd4 Qc7 12.Nd2 Bd7 13.Bb2 Rac8 14.Rac1 Rfd8 
15.Qc3 Ba4 16.N4b3 Nxc4 17.Nxc4 Rxd1+ 18.Rxd1 Qxc4 19.Qxc4 Rxc4 20.Bxb7 
Rc2 21.Rb1 Rxe2 22.Bf3 Rc2 23.Bd4 h5 24.Bxa7 Rxa2 25.Bd4 h4 26.gxh4 Nd5 
27.h5 Ra3 28.Nd2 Nb4 29.Be4 f5 30.Bb2 Ra2 31.Bc3 fxe4 32.Bxb4 Bc2 33.Bxe7 
Bxb1 34.Nxb1 Ra1 35.Bg5 Rxb1+ 36.Kg2 Rb5 37.h4 Rf5 38.h6 gxh6 39.Bxh6 Kh7 
40.Be3 Kg6 41.Bb6 Kh5 42.Bd8 Kg4 43.Be7 Rf3 44.Bg5 Rh3 45.Kf1 Kf3 46.Kg1 
Kg4 47.Kf1 Kf3 48.Kg1 e5 49.Bf6 1/2-1/2

[Event "3rd Asia-ch"]
[Site "Kolkata IND"]
[Date "2001.08.12"]
[Round "4"]
[White "Nolte, Rolando"]
[Black "Annageldiev, Orazly"]
[Result "0-1"]
[WhiteElo "2324"]
[BlackElo "2485"]
[EventDate "2001.08.09"]
[PlyCount "74"]

1.e4 c5 2.Nf3 Nc6 3.d4 cxd4 4.Nxd4 Nf6 5.Nc3 d6 6.Bg5 e6 7.Qd2 a6 8.O-O-O 
h6 9.Be3 Bd7 10.f4 b5 11.Bd3 Qc7 12.Kb1 Na5 13.Qe1 b4 14.Nce2 e5 15.Nf3 
Nc4 16.Bc1 Rc8 17.h3 Bb5 18.g4 Be7 19.Ng3 g6 20.f5 g5 21.h4 gxh4 22.Rxh4 
Rg8 23.Bxh6 Nxg4 24.Rh1 Nxh6 25.Rxh6 Rxg3 26.Rh8+ Bf8 27.Qxg3 Na3+ 28.Ka1 
Bxd3 29.Ne1 Nxc2+ 30.Nxc2 Qxc2 31.Qg1 Bxe4 32.f6 Bd5 33.Rh4 a5 34.Rh2 Qc4 
35.b3 Qc3+ 36.Rb2 Be4 37.Re1 Bg6 0-1

[Event "3rd Asia-ch"]
[Site "Kolkata IND"]
[Date "2001.08.12"]
[Round "4"]
[White "Odeev, Handszar"]
[Black "Izmukhambetov, Salauat"]
[Result "1/2-1/2"]
[WhiteElo "2479"]
[BlackElo "2352"]
[EventDate "2001.08.09"]
[PlyCount "83"]

1.e4 Nf6 2.e5 Nd5 3.d4 d6 4.Nf3 Bg4 5.Be2 e6 6.h3 Bh5 7.O-O Nb6 8.Ng5 Bxe2
9.Qxe2 h6 10.Ne4 Nc6 11.Rd1 d5 12.Ng3 g6 13.a4 a5 14.c3 Be7 15.Nd2 Bg5 16.
Nf3 Bxc1 17.Rdxc1 h5 18.h4 Ne7 19.b3 Ng8 20.c4 Ne7 21.Rd1 Qd7 22.Ng5 Nc6 
23.c5 Nc8 24.Qf3 Qe7 25.Rac1 N8a7 26.Qf4 Nd8 27.Rd3 Nac6 28.Rf3 Nb8 29.Qd2
Nbc6 30.Ne2 Qd7 31.Qf4 Qe7 32.Nc3 Kf8 33.Rd1 Qe8 34.Rb1 Ne7 35.Nd1 Nf5 36.
Ne3 Nc6 37.Rd1 Rb8 38.Nxf5 gxf5 39.Qd2 Qe7 40.Re1 Rg8 41.Rfe3 Rg7 42.Qc3 
1/2-1/2

[Event "3rd Asia-ch"]
[Site "Kolkata IND"]
[Date "2001.08.12"]
[Round "4"]
[White "Paragua, Mark"]
[Black "Al-Modiahki, Mohamad"]
[Result "0-1"]
[WhiteElo "2444"]
[BlackElo "2492"]
[EventDate "2001.08.09"]
[PlyCount "82"]

1.e4 c5 2.d3 Nc6 3.g3 g6 4.Bg2 Bg7 5.f4 d6 6.Nf3 Rb8 7.O-O b5 8.h3 Nf6 9.
c3 O-O 10.g4 b4 11.Re1 bxc3 12.bxc3 Ba6 13.Qe2 Nd7 14.Nfd2 Nd4 15.cxd4 
Bxd4+ 16.Kh1 Bxa1 17.e5 dxe5 18.Nb3 e4 19.Qxe4 Bg7 20.N1d2 Re8 21.Qe2 Qc7 
22.Nc4 Bb7 23.Qf2 Bxg2+ 24.Qxg2 Nb6 25.Be3 Rbd8 26.Qe4 Nd5 27.Bd2 Nb4 28.
Re3 Qc6 29.Bxb4 Qxe4+ 30.dxe4 cxb4 31.e5 Rd1+ 32.Kg2 Rc8 33.Re4 f5 34.exf6
exf6 35.f5 Bh6 36.h4 gxf5 37.gxf5 Kf8 38.Kf3 Rd3+ 39.Ke2 Rd5 40.Nd4 Kf7 
41.Ne6 a5 0-1

[Event "3rd Asia-ch"]
[Site "Kolkata IND"]
[Date "2001.08.12"]
[Round "4"]
[White "Peng Xiaomin"]
[Black "Liang Jinrong"]
[Result "1/2-1/2"]
[WhiteElo "2629"]
[BlackElo "2510"]
[EventDate "2001.08.09"]
[PlyCount "26"]

1.e4 c5 2.Nf3 e6 3.d4 cxd4 4.Nxd4 Nc6 5.Nc3 a6 6.Be3 Nf6 7.f4 Bb4 8.Bd3 d6
9.Nxc6 bxc6 10.O-O Bxc3 11.bxc3 e5 12.h3 Qc7 13.Kh1 Nd7 1/2-1/2

[Event "3rd Asia-ch"]
[Site "Kolkata IND"]
[Date "2001.08.12"]
[Round "4"]
[White "Prasad, Devaki"]
[Black "Magai, Vladimir"]
[Result "1/2-1/2"]
[WhiteElo "2440"]
[BlackElo "2537"]
[EventDate "2001.08.09"]
[PlyCount "82"]

1.e4 e5 2.Nf3 Nc6 3.Bb5 a6 4.Ba4 Nf6 5.O-O b5 6.Bb3 Bc5 7.Nxe5 Nxe5 8.d4 
Bxd4 9.Qxd4 d6 10.f4 Nc6 11.Qc3 Bb7 12.e5 Ne4 13.Qe1 Nd4 14.Nc3 Nxb3 15.
axb3 Nxc3 16.bxc3 O-O 17.Qf2 Re8 18.Ba3 dxe5 19.fxe5 Qd5 20.Rad1 Qe6 21.
Bc5 a5 22.Rd4 Bd5 23.Rfd1 c6 24.Bd6 a4 25.bxa4 Rxa4 26.h3 Rea8 27.Kh2 Ra1 
28.Rxa1 Rxa1 29.Qh4 Ra8 30.Qg3 Kh8 31.Rg4 Rg8 32.Bc5 Bc4 33.Bd4 Be2 34.Rh4
Re8 35.Qe3 Bc4 36.Qg5 h6 37.Qg3 c5 38.Bxc5 Qxe5 39.Rxh6+ Kg8 40.Qxe5 Rxe5 
41.Bd4 Re2 1/2-1/2

[Event "3rd Asia-ch"]
[Site "Kolkata IND"]
[Date "2001.08.12"]
[Round "4"]
[White "Rahman, Syed Mahfuzur"]
[Black "Hakki, Imad"]
[Result "1-0"]
[WhiteElo "2235"]
[BlackElo "2428"]
[EventDate "2001.08.09"]
[PlyCount "79"]

1.e4 c5 2.Nf3 d6 3.d4 cxd4 4.Nxd4 Nf6 5.Nc3 Nc6 6.Be2 e5 7.Nb3 Be7 8.O-O 
O-O 9.f4 a5 10.a4 Nb4 11.Kh1 Qc7 12.g4 d5 13.Nxd5 Nfxd5 14.exd5 Nxc2 15.
fxe5 Nxa1 16.d6 Qc6+ 17.Bf3 Qxa4 18.dxe7 Re8 19.Nxa1 Qxa1 20.Bd5 Be6 21.
Bxe6 fxe6 22.Qf3 h6 23.Bxh6 Qxf1+ 24.Qxf1 Rxe7 25.Bg5 Rd7 26.Qb5 Rd5 27.
Qxb7 Rf8 28.Qc7 Rf2 29.Qc1 Rxe5 30.Bf4 Rb5 31.Bd2 Re5 32.Bf4 Re4 33.Bd2 
Re5 34.Bc3 Ree2 35.Qg1 a4 36.g5 Kh7 37.Bd4 Rf5 38.g6+ Kh6 39.Be3+ Kh5 40.
Qd1 1-0

[Event "3rd Asia-ch"]
[Site "Kolkata IND"]
[Date "2001.08.12"]
[Round "4"]
[White "Rahman, Taibur"]
[Black "Iuldachev, Saidali"]
[Result "0-1"]
[WhiteElo "2246"]
[BlackElo "2508"]
[EventDate "2001.08.09"]
[PlyCount "112"]

1.d4 d6 2.c4 Nf6 3.Nc3 Nbd7 4.Bg5 h6 5.Bh4 g5 6.Bg3 Nh5 7.e3 Nxg3 8.hxg3 
Bg7 9.Bd3 c5 10.Nge2 e6 11.Qa4 O-O 12.Rd1 cxd4 13.exd4 d5 14.Bb1 Nf6 15.
O-O Bd7 16.Qc2 Re8 17.c5 b6 18.b4 Qc7 19.Nc1 a5 20.a3 axb4 21.axb4 bxc5 
22.bxc5 Reb8 23.Nd3 Ng4 24.Ne1 Ra3 25.Nf3 Qa5 26.Rc1 Kf8 27.Rfd1 Bc6 28.
Qd2 Rb4 29.Na2 Rxb1 30.Rxb1 Rxa2 31.Qxa5 Rxa5 32.Rb6 Be8 33.c6 Ra8 34.Rc1 
Rc8 35.Kf1 Rc7 36.Ke2 Ke7 37.Rc2 Kd6 38.Kd2 Rxc6 39.Rbxc6+ Bxc6 40.Rb2 Kc7
41.Ne1 Nf6 42.f3 h5 43.Nc2 Ne8 44.Rb1 Bf8 45.Rh1 Nf6 46.Ne3 Bd6 47.g4 hxg4
48.Nxg4 Nxg4 49.fxg4 Kd7 50.Rh8 Bb4+ 51.Ke3 Ke7 52.Kf3 Bb5 53.Rh1 Bc4 54.
Rb1 Ba5 55.Rb8 Bc3 56.Ke3 Be1 0-1

[Event "3rd Asia-ch"]
[Site "Kolkata IND"]
[Date "2001.08.12"]
[Round "4"]
[White "Safin, Shukhrat"]
[Black "Xu Jun"]
[Result "0-1"]
[WhiteElo "2529"]
[BlackElo "2646"]
[EventDate "2001.08.09"]
[PlyCount "54"]

1.d4 Nf6 2.c4 e6 3.Nf3 d5 4.Nc3 dxc4 5.e3 a6 6.a4 c5 7.Bxc4 Nc6 8.O-O Be7 
9.Ne5 cxd4 10.Nxc6 bxc6 11.exd4 O-O 12.a5 Bb7 13.Be3 Nd5 14.Ne4 Nxe3 15.
fxe3 c5 16.Nxc5 Bxc5 17.dxc5 Qg5 18.Qe2 Qxc5 19.Rf4 Rad8 20.b3 Rd6 21.Kh1 
Rfd8 22.e4 Qe5 23.Raf1 f6 24.h3 Kh8 25.Qg4 Bc8 26.Qg3 Rd4 27.Rxf6 gxf6 0-1

[Event "3rd Asia-ch"]
[Site "Kolkata IND"]
[Date "2001.08.12"]
[Round "4"]
[White "Sandipan, Chanda"]
[Black "Wohl, Aleksandar"]
[Result "1/2-1/2"]
[WhiteElo "2427"]
[BlackElo "2371"]
[EventDate "2001.08.09"]
[PlyCount "88"]

1.e4 e6 2.d4 d5 3.e5 c5 4.c3 Nc6 5.Nf3 Nge7 6.Bd3 cxd4 7.cxd4 Nf5 8.Bxf5 
exf5 9.a3 Be7 10.h4 O-O 11.Nc3 Be6 12.g3 Qd7 13.Bg5 f6 14.exf6 Bxf6 15.Ne2
f4 16.Bxf6 Rxf6 17.Ne5 Nxe5 18.dxe5 Rf5 19.gxf4 Rf7 20.f3 Rc8 21.Qd2 d4 
22.Nxd4 Rd8 23.Rd1 Qa4 24.Nxe6 Rxd2 25.Rxd2 Re7 26.f5 g6 27.Rd8+ Re8 28.
Rxe8+ Qxe8 29.Rg1 Qb5 30.f4 Qxb2 31.Ng5 Qxa3 32.Kf2 Qc5+ 33.Kg2 Qc2+ 34.
Kg3 Qxf5 35.Rd1 h5 36.Rd8+ Kg7 37.Kf3 a5 38.e6 Qg4+ 39.Ke3 Qg3+ 40.Ke2 
Qg2+ 41.Ke3 Qg1+ 42.Ke2 Kf6 43.Rd7 Qg2+ 44.Ke1 Qg1+ 1/2-1/2

[Event "3rd Asia-ch"]
[Site "Kolkata IND"]
[Date "2001.08.12"]
[Round "4"]
[White "Sasikiran, Krishnan"]
[Black "Sriram, Jha"]
[Result "1-0"]
[WhiteElo "2589"]
[BlackElo "2399"]
[EventDate "2001.08.09"]
[PlyCount "141"]

1.e4 c5 2.g3 g6 3.Bg2 Bg7 4.d3 Nc6 5.f4 d6 6.Nf3 e6 7.O-O Nge7 8.a4 O-O 9.
c3 b6 10.Na3 Rb8 11.Be3 a6 12.d4 d5 13.e5 cxd4 14.cxd4 b5 15.axb5 axb5 16.
Nc2 b4 17.Nce1 Qb6 18.Nd3 Ba6 19.Re1 Bxd3 20.Qxd3 Na5 21.b3 Rfc8 22.Bd2 
Nec6 23.Bf1 Bf8 24.Ra2 Rc7 25.Rea1 Ra7 26.Kg2 Rba8 27.Rc2 Nb7 28.Rac1 Ncd8
29.g4 Ra2 30.Kg3 Rxc2 31.Rxc2 Ra1 32.Be3 Na5 33.Nd2 Nac6 34.h4 Qa5 35.f5 
Ra2 36.f6 Rxc2 37.Qxc2 Qa1 38.Qb1 Qc3 39.Qd3 Qa1 40.Kg2 Qb2 41.Be2 Qa1 42.
Nf3 Qb2 43.Bd2 Qa1 44.g5 Qb2 45.Bd1 Qa1 46.Bc2 Qb2 47.Kg3 Qa1 48.Be3 Qc3 
49.Kf2 Qxd3 50.Bxd3 Na5 51.Nd2 Kh8 52.Ke2 Kg8 53.Kd1 Kh8 54.Kc2 Kg8 55.Nf3
Nac6 56.Ne1 Kh8 57.Ng2 Kg8 58.Nf4 Kh8 59.Be2 Kg8 60.Bf3 Nb8 61.Nxd5 exd5 
62.Bxd5 Nd7 63.Kd3 Ne6 64.Ke4 h6 65.Bc6 Ndc5+ 66.dxc5 Nxc5+ 67.Kd5 Nxb3 
68.Ba4 Na5 69.Bb6 b3 70.Bxa5 b2 71.Bc2 1-0

[Event "3rd Asia-ch"]
[Site "Kolkata IND"]
[Date "2001.08.12"]
[Round "4"]
[White "Torre, Eugenio"]
[Black "Rahman, Ziaur"]
[Result "1/2-1/2"]
[WhiteElo "2541"]
[BlackElo "2468"]
[EventDate "2001.08.09"]
[PlyCount "82"]

1.e4 c5 2.Ne2 e6 3.Nbc3 Nc6 4.g3 d5 5.exd5 exd5 6.d4 Bg4 7.Bg2 Nxd4 8.h3 
Bf3 9.Kf1 Ne7 10.Bxf3 Nxf3 11.Nf4 Nd4 12.Be3 Qb6 13.Bxd4 cxd4 14.Ncxd5 
Qb5+ 15.Qe2 Qxe2+ 16.Kxe2 Nxd5 17.Nxd5 O-O-O 18.Nf4 Bb4 19.Nd3 Ba5 20.b4 
Bc7 21.Rhe1 h5 22.Kd2 g5 23.Re7 Rhf8 24.Rae1 Bd6 25.R7e4 f5 26.Re6 g4 27.
hxg4 hxg4 28.Rg6 Kc7 29.Ree6 Rfe8 30.Ref6 Rf8 31.Rxf8 Rxf8 32.Rg7+ Kb6 33.
a3 Kc6 34.Rg6 Kd5 35.Rg7 Rb8 36.Rf7 Ke6 37.Rh7 Kd5 38.Rf7 Ke6 39.Rg7 Kd5 
40.Rg6 Rc8 41.Rg7 Rb8 1/2-1/2